000 00831nam a2200241 i 4500
001 64133
003 ES-MaACL
005 20250824214301.0
007 t|
008 031222s1959 sp ||||1| spa d
080 _a577.1
100 1 _aFlechtner, Hans-Joachim.
_951144
245 1 0 _aQuímica de la vida :
_bprocesos químicos en las plantas, los animales y el hombre /
_cHans-Joachim Flechtner ; versión por Ignacio Rodrigo García.
260 _aBarcelona :
_bLabor,
_c[1959] (
_fTall. Ibero-Americanos)
300 _a425 p., 4 lám. :
_bil. ;
_c22 cm.
490 1 _aLibros de hoy
650 7 _aBioquímica
_2embne
_9136796
700 1 _aRodrigo García, Ignacio.
_998183
830 1 0 _aLibros de hoy (Labor)
_9185588
852 4 _aES-MaACL
_jC-16467
852 4 _aES-MaACL
_jE-6505
999 _c64133
_d64133